Atlas de asociaciones minerales en lámina delgada
Saved in:
| Main Author: | |
|---|---|
| Format: | Book |
| Language: | Spanish |
| Published: |
Barcelona
Universitat de Barcelona
1997
|
| Edition: | 1a. ed |
| Subjects: | |
| Tags: |
Add Tag
No Tags, Be the first to tag this record!
|
MARC
| LEADER | 00000cam a2200000 a 4500 | ||
|---|---|---|---|
| 001 | UCD0531 | ||
| 003 | CL-VaPUC | ||
| 008 | 151204e19970000sp |||||||||||||||||spa|d | ||
| 020 | |a 844752762Xo.c | ||
| 020 | |a 8447527638v.1 | ||
| 020 | |a 8447527646v.2 | ||
| 082 | 0 | 4 | |a 549 |b MEL |2 21 |
| 100 | |a Melgarejo, Joan-Carles |e autor |9 583511 | ||
| 245 | 1 | 0 | |a Atlas de asociaciones minerales en lámina delgada |
| 250 | |a 1a. ed | ||
| 300 | |a v | ||
| 942 | |c BK | ||
| 945 | |d 20151204 12:43:00 |a dcastane | ||
| 260 | |a Barcelona |b Universitat de Barcelona |c 1997 | ||
| 650 | 0 | |a Mineralogía |9 267055 | |
| 650 | 0 | |a Atlas |9 260843 | |
| 583 | |a last modification |c 20151204 12:43:00 |k Rodrigo Vera | ||
| 999 | |c 362032 |d 362030 | ||
| 952 | |0 0 |1 0 |2 ddc |3 erd |4 0 |6 549_000000000000000_MEL_1997 |7 0 |8 A |9 472879 |a BIBING |b BIBING |c RES |h v.1 |i 5254922 |o 549 MEL 1997 |p 5254922 |r 2025-01-20 |w 2019-11-24 |y BK |z Catalogado en:20151204 |k EIQ | ||
| 952 | |0 0 |1 0 |2 ddc |3 erd |4 0 |6 549_000000000000000_MEL_1997 |7 0 |8 A |9 472880 |a BIBING |b BIBING |c RES |h v.2 |i 5254930 |o 549 MEL 1997 |p 5254930 |r 2025-01-20 |w 2019-11-24 |y BK |z Catalogado en:20151204 |k EIQ | ||
| 952 | |0 0 |1 0 |2 ddc |3 erd |4 0 |6 549_000000000000000_MEL_1997 |7 0 |8 A |9 472881 |a BIBING |b BIBING |c RES |h v.1 |i 5258286 |o 549 MEL 1997 |p 5258286 |r 2025-01-20 |w 2019-11-24 |y BK |z Catalogado en:20151231 |k EIQ | ||
| 952 | |0 0 |1 0 |2 ddc |3 erd |4 0 |6 549_000000000000000_MEL_1997 |7 0 |8 A |9 472882 |a BIBING |b BIBING |c RES |h v.1 |i 5258294 |o 549 MEL 1997 |p 5258294 |r 2025-01-20 |w 2019-11-24 |y BK |z Catalogado en:20151231 |k EIQ | ||
| 952 | |0 0 |1 0 |2 ddc |3 erd |4 0 |6 549_000000000000000_MEL_1997 |7 0 |8 A |9 472883 |a BIBING |b BIBING |c RES |h v.2 |i 5258308 |o 549 MEL 1997 |p 5258308 |r 2025-01-20 |w 2019-11-24 |y BK |z Catalogado en:20151231 |k EIQ | ||
| 952 | |0 0 |1 0 |2 ddc |3 erd |4 0 |6 549_000000000000000_MEL_1997 |7 0 |8 A |9 472884 |a BIBING |b BIBING |c RES |h v.2 |i 5258316 |o 549 MEL 1997 |p 5258316 |r 2025-01-20 |w 2019-11-24 |y BK |z Catalogado en:20151231 |k EIQ | ||